Ciencias físiconaturales : segundo grado

Gespeichert in:
Bibliographische Detailangaben
Körperschaft: Edelvives .
Format: Buch
Sprache:Spanisch
Erschienen: Zaragoza : Editorial Luis Vives, cop. 1946
Katalog:MANES:  Suchergebnis im Bibliothekskatalog
Schulbuchspezifische Eigenschaften:
Tags: Tag hinzufügen
Keine Tags, Fügen Sie den ersten Tag hinzu!
Hinzugefügt zu:09.02.2019
Geändert in:07.05.2025

MARC

LEADER 00000cam a2200000 i 4500
005 20250507134607.0
008 190210s1946 espa fp 000 0 spa d
040 |a uned  |b spa  |c entro-manes 
245 0 0 |a Ciencias físiconaturales :   |b segundo grado /   |c por Edelvives 
260 |a Zaragoza :   |b Editorial Luis Vives,   |c cop. 1946 
300 |a 120 p. :   |b il. 
546 |a España 
561 |5 es-BUNED  |3 L.T. 3705  |a España. Fondo Manes UNED  |k MANES 
690 0 |a CN 
691 0 |a PRI 
710 2 |a Edelvives .  |9 36308 
942 |2 ddc  |c BK 
999 |c 98136  |d 98136 
999 |c manes:98136  |d 98136